Cities the most Michelin - Statistics

General Stats
  • This quiz has been taken 34 times
  • The average score is 10 of 15
Answer Stats
Stars Answer % Correct
141 Paris
100%
93 New York
97%
85 London
94%
314 Tokyo
91%
33 Barcelona
84%
33 Chicago
69%
40 Shanghai
69%
30 Brussels
66%
32 Seoul
63%
44 Singapore
63%
86 Hong Kong
56%
121 Osaka
56%
75 San Francisco
47%
134 Kyoto
44%
27 Macau
22%
No matching quizzes found
Score Distribution
Percent of People with Each Score
Percentile by Number Answered
Your Score History
You have not taken this quiz